| 000 | 00595nam a2200217 i 4500 | ||
|---|---|---|---|
| 001 | bgj | ||
| 100 | 1 | _aJONES, LeRoi | |
| 245 | 1 | 0 |
_aHome : _bsocial essays / _cLeRoi Jones. |
| 260 |
_aNew York : _bWilliam Morrow & Co., Inc., _c1970. |
||
| 300 |
_a252 pp ; _c20 cm. |
||
| 490 | 1 | _aApollo Editions | |
| 650 | 9 | _aAfrican Americans | |
| 651 | 9 |
_aUnited States _xRace relations |
|
| 651 | 9 |
_aUnited States _xSocial conditions |
|
| 651 | 9 |
_aCuba _xSocial conditions |
|
| 830 | _aApollo Editions | ||
| 040 | _cBPK | ||
| 041 | 0 | _aeng | |
| 942 | _cKS | ||
| 008 | s uk f |000 0 eng | ||
| 999 |
_c48667 _d48667 |
||
| 856 |
_uhttp://koha.tu.koszalin.pl/cgi-bin/koha/opac-detail.pl?biblionumber=48667 _yKatalog online BPK |
||